000
00274nam a22001217a 4500
008
181105b xxu||||| |||| 00| 0 eng d
041
_a
eng
080
_a
038
100
_a
23
101
_a
FJA
245
_a
The American College Dictionary
_c
Barnahrt, C.L
942
_2
udc
_c
BK
999
_c
51875
_d
51875